Представление документа в формате MARC21

Поле Инд. ПП Название Значение
Тип записи a
Библиографический уровень b
001 Контрольный номер RU/IS/BASE/351947062
005 Дата корректировки 20200601191527.0
084 a Индекс другой классификации/Индекс ББК 66.1(0)5; 67.3(4Вел)5; 66.01
a Индекс другой классификации/Индекс ББК 60.001(4Вел)5
100 1_ a Автор Самсонова Т. Н.
245 a Заглавие Английская буржуазная революция и представления о равенстве
500 a Примечание Окончание. Начало см.: № 3 / 2002
504 a Библиография Библиогр. ссылки. - Примеч.
520 a Аннотация В статье рассматриваются различные социально-политические концепции времен Английской буржуазной революции. Проблема равенства - одна из центральных проблем Английской буржуазной революции
600 a Персоналии Гаррингтон Джеймс
a Персоналии Гоббс Томас
a Персоналии Локк Джон
a Персоналии Понет Джон
a Персоналии Уинстэнли Джерард
a Персоналии Фильмер Роберт
650 a Основная рубрика история политических учений
a Основная рубрика история правовых учений
a Основная рубрика история философии
a Основная рубрика политика
a Основная рубрика политическая философия (философия политики)
a Основная рубрика право
a Основная рубрика социальная философия
a Основная рубрика философия
653 a Ключевые слова XVII век
a Ключевые слова Английская буржуазная революция 1640-1660
a Ключевые слова баланс собственности
a Ключевые слова Великобритания
a Ключевые слова диггеры
a Ключевые слова естественное право
a Ключевые слова индепенденты
a Ключевые слова история социальной философии
a Ключевые слова концепция договорного происхождения государства
a Ключевые слова левеллеры
a Ключевые слова неприкосновенность частной собственности
a Ключевые слова общественно-политические движения
a Ключевые слова политическая борьба
a Ключевые слова политические взгляды
a Ключевые слова политические течения
a Ключевые слова пресвитериане
a Ключевые слова революция
a Ключевые слова социальное равенство
a Ключевые слова социальные доктрины
a Ключевые слова теория естественного права
a Ключевые слова формы государственного правления
773 t Заглавие источника Вестник Московского университета. Серия 18, Социология и политология
d Дата издания источника 2002
g Прочая информация № 4. - С. 134 - 146
w Контрольный № источника RU/IS/BASE/148578004
901 t Тип документа b